Smalltalk by example : the developer's guide

Αποθηκεύτηκε σε:
Λεπτομέρειες βιβλιογραφικής εγγραφής
Κύριος συγγραφέας: Sharp, Alec
Μορφή: Βιβλίο
Γλώσσα:English
Δημοσίευση: New York ; San Francisco : McGraw-Hill, c1997
Θέματα:
Ετικέτες: Προσθήκη ετικέτας
Δεν υπάρχουν, Καταχωρήστε ετικέτα πρώτοι!

MARC

LEADER 00000nam a2200000 i 4500
001 1/4589
008 000530s1997 eng d
020 |a 0079130364 
035 |l 10061260 
040 |a GR-MY-UA  |b gre  |e aacr 
041 0 |a eng 
082 0 |a 005.133 
100 1 |a Sharp, Alec. 
245 1 0 |a Smalltalk by example :  |b the developer's guide /  |c Alec Sharp 
260 |a New York ; San Francisco :   |b McGraw-Hill,   |c c1997 
300 |a xxii, 359 p.;  |b ill.;  |c 23 cm.+  |e 1 computer disk (3 1/2 in.) 
504 |a Includes index 
630 0 0 |a VisualWorks. 
650 0 0 |a Smalltalk (Computer program language) 
852 |a INST  |b SAMOS  |e 20000530  |h 005.133 SHA  |p 005300015389  |q 005300015389  |t BK  |y 0 
852 |a INST  |b SAMOS  |e 20000530  |h 005.133 SHA   |p 005300019838  |q 005300019838  |t BK  |y 0 
901 |a BIBL3-2000-2 
909 |a Σ  |b 075072 
909 |a Σ  |b 075071 
922 |a 3ΕΛΗ  |b 200003  |c ΤΠΕΣ/ΤΑΚΤ  |d ΠΑΠΑΣΩΤΗΡΙΟΥ 
970 |a ΓΕΝΟΥΖΟΥ  |b ΧΡΥΣΑΝΘΗ  |z 2000/05/31